000 01514cam a2200337 a 4500
001 EDZ0000072136
003 StDuBDS
005 20161031105138.0
006 m||||||||d||||||||
007 cr |||||||||||
008 120412s2006 enk fo| 001|0|eng d
020 _a9781446213384 (ebook) :
_cNo price
040 _aStDuBDS
_beng
_cStDuBDS
_epn
049 _aAlfaisal Main Library
050 0 _aQA135.6
_b.P72 2006
082 0 4 _a372.70440941
_223
100 1 _aPratt, Nick.
245 1 0 _aInteractive maths teaching in the primary school
_h[electronic resource] /
_cNick Pratt.
260 _aLondon :
_bPaul Chapman,
_c2006.
300 _a1 online resource (vii, 144 p.)
504 _aIncludes bibliographical references and index.
520 8 _aUsing a whole-class, interactive approach to teaching mathematics is a key feature of the National Numeracy Strategy (NNS). This work covers how to engage in meaningful reflective practice as well as how to use whiteboards. It contains a glossary of key terms and also looks at a key feature of the National Numeracy Strategy.
521 _aSpecialized.
588 _aDescription based on print version record.
650 0 _aMathematics
_xStudy and teaching (Elementary)
_zGreat Britain.
655 7 _aElectronic books.
_2local
710 2 _aSage eBooks
776 0 8 _iPrint version :
_z9781412920421
856 4 0 _uhttp://ezproxy.alfaisal.edu/login?url=http://sk.sagepub.com/books/interactive-maths-teaching-in-the-primary-school
942 _2lcc
_cEBOOKS
999 _c480308
_d480308